[Event "XI Paracin Festival 2018"]
[Site "Paracin"]
[Date "2018.07.07"]
[Round "2"]
[White "Sredojevic, Ivan"]
[Black "Asadli, Vugar"]
[Result "0-1"]
[WhiteElo "2298"]
[BlackElo "2478"]
[Annotator "TA"]
[PlyCount "96"]
[EventDate "2018.07.06"]
[EventType "swiss"]
[EventCountry "SRB"]
[SourceTitle "playchess.com"]
[Source "ChessBase"]
[SourceQuality "1"]

{[%evp 24,96,27,8,11,15,10,8,9,8,71,22,6,0,6,-47,-50,-53,-54,-36,-40,-18,-35,-30,-33,-31,-24,-81,-76,-75,-77,-81,-77,-137,-28,-25,-20,-277,-275,-294,-204,-225,-173,-160,-164,-164,-161,-166,-166,-146,-134,-164,-154,-164,-164,-142,-137,-233,-237,-265,-267,-410,-385,-385,-379,-750,-710,-693,-699,-1378,-1295,-29979,-29979,-29980,-29981]} 1. Nf3 Nf6 2. g3 d5 3. Bg2 c6 4. O-O Bg4 5. d3 Nbd7 6. Nbd2 e5 7. h3 Bh5 8. Qe1 Be7 9. e4 dxe4 10. dxe4 O-O {A07: Réti Opening: New York and Capablanca Systems} 11. a4 (11. Nh4 Re8 12. Nc4 Bf8 13. a4 Qc7 14. Bd2 Nc5 15. Ba5 b6 16. Bc3 Nfd7 17. f4 f6 18. fxe5 fxe5 {1-0 (48) Nakamura,H (2793)-Pelletier,Y (2541) Zuerich 2017}) 11... Qc7 12. Nc4 Rfe8 13. Bd2 {LiveBook: 9 Games} b5 14. Ba5 Qb8 15. axb5 cxb5 16. Ne3 {[#]} b4 $146 (16... Bg6 $11 {remains equal.}) ({Predecessor:} 16... Bg6 17. Nd2 Nc5 18. Nf5 {½-½ (60) David,A (2567)-Kelires,A (2505) Achaea 2017}) 17. Ra4 {[%cal Ra5b4]} Qb5 ({But not} 17... Nxe4 $6 18. Nf5 $16) 18. b3 {[%cal Ra5b4]} Rab8 ({Not} 18... Nxe4 19. Bxb4 Bc5 20. Nh4 $16) 19. Bc7 (19. Nf5 $11) 19... Rbc8 $15 20. Ra5 Qb7 21. Bxe5 Bxf3 22. Bxf3 Bd8 $36 {[%cal Be7d8,Bd8a5,Ba5c7,Bc7e5][%mdl 2080] White is under pressure.} 23. Bxf6 $1 Bxa5 24. Bb2 Bc7 25. Bg4 (25. Bg2 $11) 25... Be5 $17 26. Bxd7 Qxd7 27. Bxe5 Rxe5 28. Qxb4 (28. Nc4 $142 Re6 29. h4) 28... Qxh3 (28... a5 $17 29. Qa4 Qxa4 30. bxa4 Rxe4) 29. Nf5 $1 $11 {[%cal Rf5e7]} Rce8 30. Qb7 $2 {[%mdl 8192]} (30. Qc3 $1 $11) 30... g6 $1 $19 {[%cal Rg6f5]} 31. Nd6 Rf8 {( -> ...Rh5)} 32. Re1 Rh5 {[%csl Gh5][%cal Rh3h1]} 33. e5 Qh2+ $1 34. Kf1 {[#]} Qh1+ $1 35. Qxh1 Rxh1+ 36. Ke2 Rxe1+ 37. Kxe1 $17 {[%mdl 4096] Endgame KR-KN} Rb8 38. Kd2 Kf8 39. Kd3 Ke7 40. Kd4 {[#]} (40. f4 $17 {might work better.}) 40... Ke6 $1 $19 41. f4 f6 42. Ne4 (42. Nc4 $142) 42... Rd8+ 43. Nd6 h5 44. c4 $2 (44. Ke4 fxe5 45. fxe5) 44... fxe5+ 45. fxe5 g5 {[%cal Bg6g5,Bg5h4,Bh4h3][%mdl 32]} 46. c5 h4 47. gxh4 gxh4 48. Ke3 h3 {Precision: White = 25%, Black = 75%.} 0-1

[Event "XI Paracin Festival 2018"]
[Site "Paracin"]
[Date "2018.07.07"]
[Round "2"]
[White "Omorjan, Dejan"]
[Black "Kosic, Dragan"]
[Result "*"]
[WhiteElo "2292"]
[BlackElo "2463"]
[Annotator "ChessBase"]
[PlyCount "95"]
[EventDate "2018.07.06"]
[EventType "swiss"]
[EventCountry "SRB"]
[SourceTitle "playchess.com"]
[Source "ChessBase"]
[SourceQuality "1"]
[TimeControl "5400+30"]

1. d4 {[%emt 0:00:00]} Nf6 {[%emt 0:00:00]} 2. c4 {[%emt 0:00:00]} e6 {[%emt 0:00:00]} 3. Nf3 {[%emt 0:00:00]} Bb4+ {[%emt 0:00:00]} 4. Bd2 {[%emt 0:00:00]} a5 {[%emt 0:00:00]} 5. g3 {[%emt 0:00:04]} c5 {[%emt 0:00:09]} 6. Bg2 {[%emt 0:00:19]} Nc6 {[%emt 0:03:00]} 7. a3 {[%emt 0:00:15]} Bxd2+ {[%emt 0:00:23]} 8. Qxd2 {[%emt 0:00:15]} cxd4 {[%emt 0:00:05]} 9. Nxd4 {[%emt 0:00:45]} O-O {[%emt 0:00:36]} 10. Nc3 {[%emt 0:03:15]} a4 {[%emt 0:04:11]} 11. Rc1 {[%emt 0:07:56]} d5 {[%emt 0:01:34]} 12. cxd5 {[%emt 0:06:41]} exd5 {[%emt 0:00:08]} 13. O-O {[%emt 0:01:52]} Qb6 {[%emt 0:04:48]} 14. Rfd1 {[%emt 0:03:52]} Be6 {[%emt 0:01:04]} 15. Nxc6 {[%emt 0:10:06]} bxc6 {[%emt 0:00:09]} 16. Qc2 {[%emt 0:03:31]} Qa7 {[%emt 0:07:16]} 17. e3 {[%emt 0:03:40]} Nd7 {[%emt 0:00:39]} 18. Rd4 {[%emt 0:05:14]} Nb6 {[%emt 0:01:16]} 19. Rh4 {[%emt 0:06:27]} g6 {[%emt 0:02:00]} 20. Bf3 {[%emt 0:10:52]} Rfc8 {[%emt 0:15:25]} 21. Bd1 {[%emt 0:08:04]} Nc4 {[%emt 0:03:12]} 22. Rd4 {[%emt 0:05:38]} Rab8 {[%emt 0:04:47]} 23. Nxa4 {[%emt 0:02:33]} c5 {[%emt 0:00:22]} 24. Rh4 {[%emt 0:03:24]} d4 {[%emt 0:03:10]} 25. Qe2 {[%emt 0:07:42]} d3 {[%emt 0:09:56]} 26. Qxd3 {[%emt 0:01:20]} Nxb2 {[%emt 0:01:20]} 27. Nxb2 {[%emt 0:00:14]} Rxb2 {[%emt 0:00:02]} 28. Qc3 {[%emt 0:01:08]} Ra2 {[%emt 0:01:20]} 29. Ra4 {[%emt 0:01:09]} Qb7 {[%emt 0:02:09]} 30. Rf4 {[%emt 0:02:30]} c4 {[%emt 0:00:56]} 31. Bg4 {[%emt 0:01:14]} f5 {[%emt 0:00:58]} 32. Bf3 {[%emt 0:01:42]} Qb2 {[%emt 0:00:20]} 33. Qxb2 {[%emt 0:01:45]} Rxb2 {[%emt 0:00:05]} 34. Rc3 {[%emt 0:01:26]} Rb3 {[%emt 0:14:50]} 35. Rc2 {[%emt 0:01:11]} c3 {[%emt 0:00:51]} 36. Kg2 {[%emt 0:01:09]} Rxa3 {[%emt 0:01:09]} 37. Rd4 {[%emt 0:00:16]} Rc5 {[%emt 0:00:44]} 38. Rd3 {[%emt 0:00:53]} Kf7 {[%emt 0:01:16]} 39. h4 {[%emt 0:00:13]} h6 {[%emt 0:00:26]} 40. Kh2 {[%emt 0:00:21]} Kf6 {[%emt 0:02:49]} 41. Bg2 {[%emt 0:00:18]} g5 {[%emt 0:02:09]} 42. hxg5+ {[%emt 0:00:10]} hxg5 {[%emt 0:00:05]} 43. Kg1 {[%emt 0:00:56]} g4 {[%emt 0:05:29]} 44. f4 gxf3 {[%emt 0:05:13]} 45. Bxf3 {[%emt 0:01:14]} Ke5 {[%emt 0:00:29]} 46. Bg2 {[%emt 0:00:15]} Ra1+ {[%emt 0:00:31]} 47. Bf1 {[%emt 0:00:55]} Bc8 {[%emt 0:01:41]} 48. Rdxc3 {[%emt 0:00:40]} *

[Event "XI Paracin Festival 2018"]
[Site "Paracin"]
[Date "2018.07.07"]
[Round "2"]
[White "Colovic, Dusan"]
[Black "Ikeda, Junta"]
[Result "0-1"]
[WhiteElo "2279"]
[BlackElo "2437"]
[Annotator "NA RC"]
[PlyCount "70"]
[EventDate "2018.07.06"]
[EventType "swiss"]
[EventCountry "SRB"]
[SourceTitle "playchess.com"]
[Source "ChessBase"]
[SourceQuality "1"]
[TimeControl "5400+30"]

1. d4 {[%emt 0:00:00]} f5 {[%emt 0:00:27]} 2. g3 {[%emt 0:00:00]} Nf6 {[%emt 0:00:17]} 3. Bg2 {[%emt 0:00:00]} g6 {[%emt 0:00:03]} 4. c3 {[%emt 0:00:00]} Bg7 {[%emt 0:00:31]} 5. Qb3 {[%emt 0:00:00]} Nc6 {[%emt 0:00:47]} 6. Nd2 {[%emt 0:00:27]} d5 {[%emt 0:01:58] A81: Holländische Verteidigung (Leningrader Variante)} (6... e5 7. dxe5 Nxe5 8. Ngf3 Nf7 9. O-O O-O 10. c4 Rb8 11. Qc2 b6 12. b3 Bb7 13. Bb2 Re8 14. e3 {1-0 (29) Kamsky,G (2732)-Wang,H (2736) Beijing 2011}) 7. Nh3 {[%emt 0:00:36]} e6 {[%emt 0:00:19]} 8. Nf4 {[%emt 0:00:06]} Qe7 {[%emt 0:08:37]} 9. Nf3 {[%emt 0:03:08]} O-O {[%emt 0:10:51]} 10. h4 {[%emt 0:04:54] LiveBook: 7 Games} Ne4 {[%emt 0:03:12]} 11. Nd3 {[%emt 0:01:42]} Nd8 $146 {[%emt 0:08:33]} ({Vorgänger:} 11... b6 12. Bf4 Bb7 13. Qc2 Nd8 14. Be5 Bh6 15. c4 dxc4 16. Qxc4 {1-0 (50) Horvath,C (2524)-Hoang,T (2450) Budapest 1999}) 12. Bf4 {[%emt 0:03:39]} Nf7 {[%emt 0:04:01]} 13. Nfe5 {[%emt 0:00:54]} Nxe5 {[%emt 0:11:01]} 14. Bxe5 {[%emt 0:01:56]} c5 {[%emt 0:10:06]} 15. Bxg7 {[%emt 0:01:07]} Kxg7 {[%emt 0:00:09]} 16. Bxe4 {[%emt 0:09:56]} fxe4 {[%emt 0:00:21]} 17. Ne5 {[%emt 0:00:07]} b6 {[%emt 0:06:39]} 18. f4 {[%emt 0:17:07]} Bb7 {[%emt 0:20:03]} 19. e3 {[%emt 0:00:50]} Ba6 {[%emt 0:06:41]} 20. Qd1 {[%emt 0:01:32]} Rf5 {[%emt 0:01:22]} 21. Qa4 {[%emt 0:07:51]} Bd3 {[%emt 0:01:07]} 22. Qc6 {[%emt 0:07:36]} Rd8 {[%emt 0:00:56]} 23. Nxd3 {[%emt 0:06:22]} exd3 {[%emt 0:00:04]} 24. O-O-O {[%emt 0:00:07]} c4 {[%emt 0:00:39]} 25. e4 {[%emt 0:01:22]} Rd6 {[%emt 0:02:04]} 26. Qb5 {[%emt 0:00:18]} dxe4 $19 {[%emt 0:01:11]} 27. Qxc4 {[%emt 0:00:07]} b5 {[%emt 0:00:15]} 28. Qb4 {[%emt 0:00:32]} Qc7 {[%emt 0:00:32]} 29. d5 {[%emt 0:05:46]} exd5 {[%emt 0:00:34]} 30. Qd4+ {[%emt 0:00:10]} Kg8 {[%emt 0:00:39]} 31. h5 {[%emt 0:01:14]} Qb6 {[%emt 0:00:15]} 32. Qb4 {[%emt 0:01:37]} a5 {[%emt 0:00:18]} 33. Qb3 {[%emt 0:00:06]} Qc5 {[%emt 0:00:30]} 34. hxg6 {[%emt 0:00:13]} Rxg6 {[%emt 0:00:18]} 35. Rhe1 {[%emt 0:02:38]} a4 {[%emt 0:00:11]} 0-1

[Event "XI Paracin Festival 2018"]
[Site "Paracin"]
[Date "2018.07.07"]
[Round "2"]
[White "Sevgi, Volkan"]
[Black "Gukesh, D."]
[Result "0-1"]
[WhiteElo "2277"]
[BlackElo "2433"]
[Annotator "NA"]
[PlyCount "134"]
[EventDate "2018.07.06"]
[EventType "swiss"]
[EventCountry "SRB"]
[SourceTitle "playchess.com"]
[Source "ChessBase"]
[SourceQuality "1"]
[TimeControl "5400+30"]

1. Nf3 {[%emt 0:00:00]} Nf6 2. g3 g6 3. b3 Bg7 {[%emt 0:02:36]} 4. Bb2 {[%emt 0:00:00]} O-O {[%emt 0:00:56]} 5. Bg2 {[%emt 0:00:23]} d6 {[%emt 0:00:47]} 6. d4 {[%emt 0:02:00]} Nbd7 {[%emt 0:00:37]} 7. O-O {[%emt 0:01:53]} Re8 {[%emt 0:01:27]} 8. Nbd2 {[%emt 0:06:27]} e5 {[%emt 0:11:34] A49: 1 d4 Nf6 2 Nf3 g6 3 g3: Anti-King's Indian systems} 9. dxe5 {[%emt 0:03:56]} (9. e3 e4 10. Ng5 d5 11. c4 c6 12. f3 h6 13. Nxf7 Kxf7 14. cxd5 cxd5 15. fxe4 dxe4 16. Nxe4 {0-1 (37) Shabalov,A (2522)-Kunin,V (2556) Berlin 2015}) 9... dxe5 {[%emt 0:00:08] LiveBook: 9 Games} 10. Nc4 {[%emt 0:00:40]} e4 {[%emt 0:00:38]} 11. Nfe5 {[%emt 0:00:36]} Qe7 {[%emt 0:01:42]} 12. Nxd7 {[%emt 0:11:53]} Bxd7 {[%emt 0:00:14]} 13. Qe1 $146 {[%emt 0:00:21]} ({Predecessor:} 13. Rb1 Rad8 14. Qe1 Nd5 15. Bxg7 Kxg7 16. Ne3 {0-1 (55) Lieder,K (2188)-Seibicke,R (2153) Germany 2012}) 13... Be6 {[%emt 0:11:35]} 14. Ne3 {[%emt 0:01:55]} Ng4 {[%emt 0:06:04]} 15. Bxg7 {[%emt 0:19:18]} Nxe3 {[%emt 0:00:12]} 16. fxe3 {[%emt 0:01:15]} Kxg7 {[%emt 0:00:06]} 17. Qc3+ {[%emt 0:00:10]} Kg8 {[%emt 0:00:15]} 18. Bxe4 {[%emt 0:01:12]} c6 {[%emt 0:00:06]} 19. Bf3 {[%emt 0:04:24]} Qg5 {[%emt 0:04:43]} 20. e4 {[%emt 0:03:03]} h5 {[%emt 0:03:52]} 21. Rad1 {[%emt 0:01:32]} Bh3 {[%emt 0:02:41]} 22. Rfe1 {[%emt 0:00:39]} Re5 {[%emt 0:03:46]} 23. Qd2 {[%emt 0:01:50]} Qe7 {[%emt 0:01:04]} 24. Qd4 {[%emt 0:02:48]} a6 {[%emt 0:09:42]} 25. Rd3 {[%emt 0:12:35]} Re8 {[%emt 0:07:05]} 26. Red1 {[%emt 0:01:34]} h4 $11 {[%emt 0:06:16]} 27. Qf2 {[%emt 0:07:13]} Rg5 {[%emt 0:01:21]} 28. Bh1 {[%emt 0:01:50]} Kg7 {[%emt 0:02:18]} 29. Rf3 {[%emt 0:02:49]} Rg4 {[%emt 0:09:34]} 30. Rf4 {[%emt 0:01:34]} hxg3 {[%emt 0:04:27]} 31. hxg3 {[%emt 0:00:01]} Rg5 {[%emt 0:00:49]} 32. Rh4 {[%emt 0:01:34]} Be6 {[%emt 0:01:15]} 33. Bf3 {[%emt 0:00:47]} Qc5 {[%emt 0:01:05]} 34. Qxc5 {[%emt 0:00:14]} Rxc5 {[%emt 0:00:02]} 35. Rd2 {[%emt 0:00:00]} Re5 {[%emt 0:00:21]} 36. Kf2 {[%emt 0:00:45]} b5 {[%emt 0:01:01]} 37. a3 {[%emt 0:02:26]} a5 {[%emt 0:01:24]} 38. Rh1 {[%emt 0:00:26]} Rc5 {[%emt 0:01:04]} 39. Rb1 {[%emt 0:01:11]} Ra8 {[%emt 0:01:21]} 40. Ke1 {[%emt 0:01:55]} a4 {[%emt 0:00:43]} 41. b4 {[%emt 0:01:28]} Rc3 {[%emt 0:00:01]} 42. Ra1 {[%emt 0:00:07]} Rc8 {[%emt 0:00:00]} 43. e5 {[%emt 0:03:39]} c5 {[%emt 0:01:17]} 44. bxc5 {[%emt 0:00:16]} R8xc5 {[%emt 0:00:26]} 45. Be4 {[%emt 0:00:01]} Rxg3 {[%emt 0:00:33]} 46. Kf2 {[%emt 0:00:59]} Rg4 {[%emt 0:01:07]} 47. Bd3 {[%emt 0:00:35]} Rxe5 {[%emt 0:00:50]} 48. Rb1 {[%emt 0:01:05]} Bd7 {[%emt 0:01:00]} 49. Rdd1 {[%emt 0:01:07]} Bc6 {[%emt 0:00:14]} 50. Rg1 {[%emt 0:01:18]} Rxg1 {[%emt 0:01:36]} 51. Rxg1 {[%emt 0:00:05]} f5 {[%emt 0:01:49]} 52. Rb1 {[%emt 0:00:49]} Kf6 {[%emt 0:01:13]} 53. c4 {[%emt 0:00:01]} bxc4 {[%emt 0:00:10]} 54. Bxc4 {[%emt 0:00:10]} Rc5 {[%emt 0:00:11]} 55. Rb4 {[%emt 0:00:00]} g5 {[%emt 0:00:08]} 56. Bd3 {[%emt 0:01:19]} Ke5 {[%emt 0:00:01]} 57. Rb8 {[%emt 0:01:50]} f4 {[%emt 0:00:14]} 58. Ke1 {[%emt 0:00:17]} g4 {[%emt 0:00:40]} 59. Rg8 {[%emt 0:00:09]} g3 {[%emt 0:00:33]} 60. Kd2 {[%emt 0:01:01]} g2 {[%emt 0:00:22]} 61. Rg5+ {[%emt 0:00:30]} Kd6 {[%emt 0:00:49]} 62. Rg6+ {[%emt 0:00:13]} Ke7 {[%emt 0:00:29]} 63. e4 {[%emt 0:00:06]} f3 {[%emt 0:01:17]} 64. Rg7+ {[%emt 0:01:03]} Kd8 {[%emt 0:00:32]} 65. Ke3 {[%emt 0:00:40]} Rc1 {[%emt 0:00:59]} 66. Kf2 {[%emt 0:00:07]} Rd1 {[%emt 0:00:14]} 67. Kxf3 {[%emt 0:00:54]} g1=Q {[%emt 0:00:04]} 0-1

[Event "XI Paracin Festival 2018"]
[Site "Paracin"]
[Date "2018.07.07"]
[Round "2"]
[White "Martic, Zlatko"]
[Black "Radovanovic, Nikola"]
[Result "0-1"]
[WhiteElo "2264"]
[BlackElo "2425"]
[Annotator "NA"]
[PlyCount "114"]
[EventDate "2018.07.06"]
[EventType "swiss"]
[EventCountry "SRB"]
[SourceTitle "playchess.com"]
[Source "ChessBase"]
[SourceQuality "1"]
[TimeControl "5400+30"]

1. e4 {[%emt 0:02:53]} c5 {[%emt 0:00:09]} 2. Nf3 {[%emt 0:01:04]} e6 {[%emt 0:03:31]} 3. d4 {[%emt 0:00:21]} cxd4 {[%emt 0:00:10]} 4. Nxd4 {[%emt 0:00:08]} Nf6 {[%emt 0:00:05]} 5. Nc3 {[%emt 0:00:12]} d6 {[%emt 0:00:05]} 6. Be3 {[%emt 0:02:10]} a6 {[%emt 0:00:36]} 7. f3 {[%emt 0:01:18]} b5 {[%emt 0:01:06]} 8. Qd2 {[%emt 0:00:57]} Nbd7 {[%emt 0:00:39]} 9. O-O-O {[%emt 0:00:36]} Bb7 {[%emt 0:00:23]} 10. g4 {[%emt 0:00:57]} h6 {[%emt 0:00:23]} 11. a3 {[%emt 0:10:35]} Rc8 {[%emt 0:04:53]} 12. h4 {[%emt 0:03:31]} d5 {[%emt 0:01:41]} 13. exd5 {[%emt 0:01:28]} Nxd5 {[%emt 0:00:19] LiveBook: 3 Games} 14. Nxd5 {[%emt 0:00:14]} Bxd5 {[%emt 0:00:08]} 15. Be2 {[%emt 0:07:24]} Ne5 {[%emt 0:08:36]} 16. Kb1 {[%emt 0:01:14]} Nc4 {[%emt 0:28:02]} (16... Qc7 $11) 17. Bxc4 $1 {[%emt 0:01:19]} Rxc4 {[%emt 0:01:22]} 18. g5 $14 {[%emt 0:11:30]} b4 {[%emt 0:11:52]} 19. b3 {[%emt 0:00:34]} Rc3 {[%emt 0:02:48]} 20. g6 {[%emt 0:06:40]} Qa5 {[%emt 0:12:42]} 21. Ne2 {[%emt 0:10:59]} Rc8 {[%emt 0:00:43]} 22. Nf4 {[%emt 0:00:50]} Bc6 {[%emt 0:04:31]} 23. Rhg1 {[%emt 0:03:34]} Be7 {[%emt 0:04:15]} 24. gxf7+ {[%emt 0:14:00]} Kxf7 {[%emt 0:00:12]} 25. Bd4 {[%emt 0:04:48]} Rhg8 {[%emt 0:08:33]} 26. Nd3 {[%emt 0:02:46]} Bd6 {[%emt 0:03:12]} 27. axb4 {[%emt 0:00:41]} Qf5 {[%emt 0:00:21]} 28. Qe3 {[%emt 0:03:34]} Bd5 {[%emt 0:02:06]} 29. Be5 {[%emt 0:00:44]} Bxe5 {[%emt 0:00:31]} 30. Nxe5+ {[%emt 0:00:24]} Ke8 {[%emt 0:00:33]} 31. Rd2 {[%emt 0:03:00]} Rc7 {[%emt 0:00:31]} 32. Kb2 {[%emt 0:01:32]} Ke7 {[%emt 0:00:31]} 33. c4 {[%emt 0:00:35]} Bb7 {[%emt 0:00:28]} 34. Qd4 {[%emt 0:00:14]} Kf6 {[%emt 0:00:32]} 35. Rg6+ {[%emt 0:01:34]} Qxg6 {[%emt 0:00:05]} 36. Nxg6+ {[%emt 0:00:15]} Kxg6 {[%emt 0:00:02]} 37. Qd3+ {[%emt 0:01:07]} Kf7 {[%emt 0:00:31]} 38. Qd6 {[%emt 0:01:15]} Rgc8 {[%emt 0:00:35]} 39. Rg2 {[%emt 0:00:44]} Kg8 {[%emt 0:00:55]} 40. Qxe6+ {[%emt 0:00:15]} Kh8 {[%emt 0:00:04]} 41. Rf2 {[%emt 0:00:58]} Rf8 {[%emt 0:00:44]} 42. f4 {[%emt 0:00:25]} Rcf7 {[%emt 0:00:12]} 43. Qe5 {[%emt 0:00:37]} Rf5 {[%emt 0:00:38]} 44. Qd4 {[%emt 0:00:18]} R5f6 {[%emt 0:00:04]} 45. Ka3 {[%emt 0:01:12]} Re8 {[%emt 0:00:19]} 46. Qd7 {[%emt 0:00:17]} Bc6 {[%emt 0:00:10]} 47. Qc7 {[%emt 0:00:27]} Re1 {[%emt 0:01:52]} 48. Rd2 {[%emt 0:00:41]} Be8 {[%emt 0:00:49]} 49. Rd8 {[%emt 0:00:26]} Kh7 {[%emt 0:00:12]} 50. Qb8 {[%emt 0:00:45]} Rfe6 {[%emt 0:00:19]} 51. f5 {[%emt 0:00:28]} R6e2 {[%emt 0:00:10]} 52. b5 {[%emt 0:00:51]} a5 {[%emt 0:00:08]} 53. b4 {[%emt 0:00:12]} Re3+ {[%emt 0:01:38]} 54. Kb2 {[%emt 0:00:07]} R1e2+ {[%emt 0:00:32]} 55. Kc1 {[%emt 0:00:16]} axb4 {[%emt 0:00:07]} 56. Rd2 {[%emt 0:01:09]} Rc3+ {[%emt 0:00:42]} 57. Kd1 {[%emt 0:00:13]} Re4 {[%emt 0:00:14]} 0-1

[Event "XI Paracin Festival 2018"]
[Site "Paracin"]
[Date "2018.07.07"]
[Round "2"]
[White "Popovic, Aleksandar M"]
[Black "Gadimbayli, Abdulla"]
[Result "1/2-1/2"]
[WhiteElo "2264"]
[BlackElo "2420"]
[Annotator "NA"]
[PlyCount "42"]
[EventDate "2018.07.06"]
[EventType "swiss"]
[EventCountry "SRB"]
[SourceTitle "playchess.com"]
[Source "ChessBase"]
[SourceQuality "1"]
[TimeControl "5400+30"]

{[%evp 9,33,14,2,-3,-5,1,13,6,-1,32767,-4,3,8,32767,4,32767,32767,32767,10,0,0,0,-6,-2,32767,0]} 1. Nf3 {[%emt 0:00:35]} d5 {[%emt 0:02:45]} 2. c4 {[%emt 0:00:09]} c6 {[%emt 0:01:53]} 3. b3 {[%emt 0:00:11]} Nf6 {[%emt 0:01:26]} 4. Bb2 {[%emt 0:00:12]} g6 {[%emt 0:01:27]} 5. cxd5 {[%emt 0:04:55] LiveBook: 7 Games A12: English Opening: 1...c6 with b3 by White} (5. g3 Bg7 6. Bg2 O-O 7. O-O a5 8. Nc3 Ne4 9. Na4 Bxb2 10. Nxb2 Na6 11. d3 Nf6 12. cxd5 Nxd5 13. Qd2 Bg4 14. Nc4 Bxf3 15. Bxf3 Nc5 16. d4 {½-½ (72) Anton Guijarro,D (2650)-Vidit,S (2689) Doha 2016}) 5... cxd5 {[%emt 0:02:41]} 6. g3 {[%emt 0:00:13]} Bg7 {[%emt 0:01:23]} 7. Bg2 {[%emt 0:00:04]} O-O {[%emt 0:02:59]} 8. O-O {[%emt 0:00:05]} Nc6 {[%emt 0:00:47]} 9. Ne5 {[%emt 0:15:37]} Nxe5 {[%emt 0:14:02]} 10. Bxe5 {[%emt 0:00:05]} Be6 {[%emt 0:00:12]} 11. d3 {[%emt 0:02:51]} Qd7 {[%emt 0:02:29]} 12. Nd2 {[%emt 0:02:49]} Bh3 {[%emt 0:03:49]} 13. Nf3 {[%emt 0:00:08]} Rfc8 $146 {[%emt 0:16:36]} 14. Qd2 {[%emt 0:05:39]} Bxg2 {[%emt 0:01:23]} 15. Kxg2 {[%emt 0:00:03]} Ne8 {[%emt 0:08:48]} 16. Bxg7 {[%emt 0:03:12]} Nxg7 {[%emt 0:03:24]} 17. Rac1 $11 {[%emt 0:01:57]} Ne6 {[%emt 0:05:58]} 18. h4 {[%emt 0:05:21]} h5 {[%emt 0:05:17]} 19. Qb4 {[%emt 0:15:18]} b6 {[%emt 0:05:55]} 20. Ne5 {[%emt 0:01:20]} Qb7 {[%emt 0:02:03]} 21. d4 {[%emt 0:02:53]} a5 {[%emt 0:00:55]} 1/2-1/2

[Event "XI Paracin Festival 2018"]
[Site "Paracin"]
[Date "2018.07.07"]
[Round "2"]
[White "Cvetkovic, Srdjan"]
[Black "Abramovic, Bosko"]
[Result "1/2-1/2"]
[WhiteElo "2262"]
[BlackElo "2409"]
[Annotator "ChessBase"]
[PlyCount "45"]
[EventDate "2018.07.06"]
[EventType "swiss"]
[EventCountry "SRB"]
[SourceTitle "playchess.com"]
[Source "ChessBase"]
[SourceQuality "1"]
[TimeControl "5400+30"]

1. c4 {[%emt 0:00:00]} c5 {[%emt 0:00:00]} 2. Nf3 {[%emt 0:00:00]} g6 {[%emt 0:00:51]} 3. g3 {[%emt 0:00:23]} Bg7 {[%emt 0:00:07]} 4. Bg2 {[%emt 0:00:18]} Nc6 {[%emt 0:00:05]} 5. O-O {[%emt 0:00:35]} e6 {[%emt 0:00:05]} 6. e3 {[%emt 0:01:19]} Nge7 {[%emt 0:00:09]} 7. Nc3 {[%emt 0:01:30]} O-O {[%emt 0:00:16]} 8. d4 {[%emt 0:00:52]} cxd4 {[%emt 0:00:08]} 9. Nxd4 {[%emt 0:00:28]} Nxd4 {[%emt 0:00:11]} 10. exd4 {[%emt 0:00:06]} d5 {[%emt 0:00:06]} 11. cxd5 {[%emt 0:00:25]} Nxd5 {[%emt 0:00:10]} 12. Nxd5 {[%emt 0:00:34]} exd5 {[%emt 0:00:08]} 13. Be3 {[%emt 0:02:18]} Be6 {[%emt 0:00:26]} 14. h4 {[%emt 0:02:00]} h5 {[%emt 0:00:28]} 15. Qd2 {[%emt 0:01:49]} Qd7 {[%emt 0:00:44]} 16. Rac1 {[%emt 0:01:58]} Rfc8 {[%emt 0:00:20]} 17. a3 {[%emt 0:03:32]} Rxc1 {[%emt 0:00:19]} 18. Rxc1 {[%emt 0:00:06]} Rc8 {[%emt 0:00:06]} 19. Rxc8+ {[%emt 0:00:48]} Qxc8 {[%emt 0:00:07]} 20. Qb4 {[%emt 0:01:36]} a6 {[%emt 0:00:48]} 21. Kh2 {[%emt 0:01:25]} Qd7 {[%emt 0:00:04]} 22. Qa5 Qc8 23. Qb4 1/2-1/2